00957nam a2200265 a 450000100100000000500170001000800410002702000150006804000250008308200230010810000250013124000370015624500830019325000110027626000590028749000190034653400470036565000350041265000280044770000430047583000260051804900090054495201210055399900170067400002175420200930011433.0100910s1978 mx r 000 0 spa d a9681601505 aDO-SdBNPbspacBNPHU a881.2bF513m, 19781 aFinley, M. I.94520510aThe world of odysseuslespañol13aEl mundo de odiseo /cM. I. Finley; traducción de Mateo Hernández Barroso. a2a ed. aMéxoco D. F. :bFondo de Cultura Económica,c1978.1 aBrevariosv158 aTítulo original :tThe world of odysseus 4aPoesía épica griega927065 4aLiteratura griega923861 aHernández Barroso, Mateoetr.945206 0aBrevariosv158914231 aBNGR 001050718MOaGRbGRcCTd2010-09-10iLF1l0o881.2 F513m, 1978p21754-10r2020-06-25w2020-06-25y1ZNo se presta c21253d21253